| Поле | Инд. | ПП | Название | Значение |
|---|---|---|---|---|
| Тип записи | a | |||
| Библиографический уровень | b | |||
| 001 | Контрольный номер | 10d360781f5c4b64b39324a38cd50ee5 | ||
| 005 | Дата корректировки | 20251121165800.1 | ||
| 008 | Кодируемые данные | 20140826 | ||
| 040 | b | Код языка каталог. | rus | |
| e | Правила каталог. | PSBO | ||
| 041 | 0_ | a | Код языка текста | rus |
| 084 | a | Индекс другой классификации/Индекс ББК | 74.5 | |
| 100 | 1_ | a | Автор | Петрикова Е. Ю. |
| q | Полное имя | Петрикова Елена Юрьевна | ||
| 100 | 1_ | a | Автор | Медведева А. Е. |
| q | Полное имя | Медведева Анна Евгеньевна | ||
| 100 | 1_ | a | Автор | Окунева М. М. |
| q | Полное имя | Окунева Мария Михайловна | ||
| 245 | 10 | a | Заглавие | Развитие зрительного восприятия у дошкольников с нарушением зрения средствами математики |
| 500 | a | Примечание | Электронная версия статьи: https://doi.org/10.30853/pedagogy.2018.4.10 | |
| 504 | a | Библиография | Лит. в конце статьи | |
| 650 | 14 | a | Основная рубрика | педагогика; коррекционная педагогика (специальная педагогика) |
| 653 | 1_ | a | Ключевые слова | дошкольники |
| a | Ключевые слова | зрительная память | ||
| a | Ключевые слова | зрительное восприятие | ||
| a | Ключевые слова | зрительное восприятие | ||
| a | Ключевые слова | зрительно-моторная координация | ||
| a | Ключевые слова | зрительно-пространственное восприятие | ||
| a | Ключевые слова | зрительные функции | ||
| a | Ключевые слова | математика | ||
| a | Ключевые слова | наглядные пособия | ||
| a | Ключевые слова | нарушение зрения | ||
| a | Ключевые слова | обучение математике | ||
| a | Ключевые слова | организация обучения | ||
| a | Ключевые слова | Россия | ||
| a | Ключевые слова | тифлопедагогика | ||
| 773 | 08 | t | Заглавие источника | Педагогика. Вопросы теории и практики |
| d | Дата издания источника | 2018 | ||
| g | Прочая информация | № 4. - С. 43 - 52 : табл., диагр. | ||
| w | Контрольный № источника | DU/602701126 | ||
| 901 | t | Тип документа | b |